000 00653cam a22002291 4500
999 _c5192
_d5192
001 7312
003 BD-DhUAP
005 20201203112118.0
008 201203s1994 ii a b 000 0 eng
020 _a8123902719
040 _aDLC
_cMBNU
_dOCoLC
_dKyLoU-H
_dUk
_dOCoLC
_dBD-DhUAP
_beng
082 _a615.321 ZAF
_223
100 _aZafar, Rasheeduz.
245 _aPractical Pharmacognosy /
_cRasheeduz Zafar and Neerja Gandhi.
250 _a1st ed.
260 _aNew Delhi :
_bCBS,
_cc1994.
300 _ax, 139 pages :
_billustrations ;
_c22 cm.
500 _aIncludes index.
650 0 _aPharmacognosy.
700 _aGandhi, Neerja.
942 _2ddc
_cBK